000 00265nam a2200097Ia 4500
001 650223
005 20250826154355.0
008 250824s9999 xx 000 0 und d
245 0 _aÖLÜ CANLAR ANTİK OKUL KLASİKLERİ
_cGOGOL
260 _bANTİK DÜNYA KLASİKLERİ
999 _c650223
_d650223